<?xml version="1.0" encoding="UTF-8"?>
<record
    xmlns:xsi="http://www.w3.org/2001/XMLSchema-instance"
    xsi:schemaLocation="http://www.loc.gov/MARC21/slim http://www.loc.gov/standards/marcxml/schema/MARC21slim.xsd"
    xmlns="http://www.loc.gov/MARC21/slim">

  <leader>00869nam a22001337a 4500</leader>
  <datafield tag="040" ind1=" " ind2=" ">
    <subfield code="c">RUA</subfield>
  </datafield>
  <datafield tag="082" ind1=" " ind2=" ">
    <subfield code="a">VEM MON 2021 B1.602 Or.</subfield>
  </datafield>
  <datafield tag="100" ind1=" " ind2=" ">
    <subfield code="a">MONG VORLEAK.&#x200B; &#x1798;&#x17C9;&#x17BB;&#x1784; &#x179C;&#x179B;&#x17D0;&#x1780;&#x17D2;&#x1781;</subfield>
  </datafield>
  <datafield tag="245" ind1=" " ind2=" ">
    <subfield code="a">ANTIBODY TITER OF PORCINE REPRODUCTIVE AND RESPIRATORY SYNDROME (IGG) IN GILTS AT TANG RNGIENG VILLAGE, MOHA SAING COMMUNE, PHNOM SRUOCH DISTRICT, KAMPONG SPEU PROVINCE. &#x1780;&#x1798;&#x17D2;&#x179A;&#x17B7;&#x178F;&#x17A2;&#x1784;&#x17CB;&#x1791;&#x17B8;&#x1780;&#x179A; (IGG)&#x1787;&#x17C6;&#x1784;&#x17BA;&#x1787;&#x17D2;&#x179A;&#x17BC;&#x1780;&#x178F;&#x17D2;&#x179A;&#x1785;&#x17C0;&#x1780;&#x1781;&#x17C0;&#x179C;&#x179B;&#x17BE;&#x1798;&#x17C1;&#x1787;&#x17D2;&#x179A;&#x17BC;&#x1780;&#x178F;&#x17D2;&#x179A;&#x17C0;&#x1798; &#x1780;&#x17D2;&#x1793;&#x17BB;&#x1784;&#x1797;&#x17BC;&#x1798;&#x17B7;&#x178F;&#x17B6;&#x17C6;&#x1784;&#x179A;&#x1784;&#x17C0;&#x1784; &#x1783;&#x17BB;&#x17C6;&#x1798;&#x17A0;&#x17B6;&#x179F;&#x17B6;&#x17C6;&#x1784; &#x179F;&#x17D2;&#x179A;&#x17BB;&#x1780;&#x1797;&#x17D2;&#x1793;&#x17C6;&#x179F;&#x17D2;&#x179A;&#x17BD;&#x1785; &#x1781;&#x17C1;&#x178F;&#x17D2;&#x178F;&#x1780;&#x17C6;&#x1796;&#x1784;&#x17CB;&#x179F;&#x17D2;&#x1796;&#x17BA;</subfield>
  </datafield>
  <datafield tag="260" ind1=" " ind2=" ">
    <subfield code="a">Phnom Penh</subfield>
    <subfield code="b">RUA</subfield>
    <subfield code="c">2021</subfield>
  </datafield>
  <datafield tag="300" ind1=" " ind2=" ">
    <subfield code="a">X.41P</subfield>
    <subfield code="b">VIII.</subfield>
    <subfield code="c">29CM</subfield>
  </datafield>
  <datafield tag="856" ind1=" " ind2=" ">
    <subfield code="u">https://drive.google.com/file/d/1qepxGxYiE6USwFRk9FWAVddrSgDoM9MG/view?usp=sharing</subfield>
  </datafield>
  <datafield tag="942" ind1=" " ind2=" ">
    <subfield code="c">VEM</subfield>
  </datafield>
  <datafield tag="999" ind1=" " ind2=" ">
    <subfield code="c">21670</subfield>
    <subfield code="d">21670</subfield>
  </datafield>
  <datafield tag="952" ind1=" " ind2=" ">
    <subfield code="0">0</subfield>
    <subfield code="1">0</subfield>
    <subfield code="2">ddc</subfield>
    <subfield code="4">0</subfield>
    <subfield code="6">VEM_MON_2021_000000000000000_B1_602_OR</subfield>
    <subfield code="7">0</subfield>
    <subfield code="9">94157</subfield>
    <subfield code="a">LBB</subfield>
    <subfield code="b">LBB</subfield>
    <subfield code="c">B1.602</subfield>
    <subfield code="d">2023-08-16</subfield>
    <subfield code="l">1</subfield>
    <subfield code="o">VEM MON 2021 B1.602 Or.</subfield>
    <subfield code="p">a073957</subfield>
    <subfield code="r">2024-10-17</subfield>
    <subfield code="s">2023-12-14</subfield>
    <subfield code="w">2023-08-16</subfield>
    <subfield code="y">VEM</subfield>
  </datafield>
  <datafield tag="952" ind1=" " ind2=" ">
    <subfield code="0">0</subfield>
    <subfield code="1">0</subfield>
    <subfield code="2">ddc</subfield>
    <subfield code="4">0</subfield>
    <subfield code="6">VEM_MON_2021_000000000000000_B1_602_OR</subfield>
    <subfield code="7">0</subfield>
    <subfield code="9">94158</subfield>
    <subfield code="a">LBB</subfield>
    <subfield code="b">LBB</subfield>
    <subfield code="c">B1.602</subfield>
    <subfield code="d">2023-08-16</subfield>
    <subfield code="o">VEM MON 2021 B1.602 Or.</subfield>
    <subfield code="p">a073825</subfield>
    <subfield code="r">2023-08-16</subfield>
    <subfield code="w">2023-08-16</subfield>
    <subfield code="y">VEM</subfield>
  </datafield>
  <datafield tag="952" ind1=" " ind2=" ">
    <subfield code="0">0</subfield>
    <subfield code="1">0</subfield>
    <subfield code="2">ddc</subfield>
    <subfield code="4">0</subfield>
    <subfield code="6">VEM_MON_2021_000000000000000_B1_602_OR</subfield>
    <subfield code="7">0</subfield>
    <subfield code="9">94159</subfield>
    <subfield code="a">LBB</subfield>
    <subfield code="b">LBB</subfield>
    <subfield code="c">B1.602</subfield>
    <subfield code="d">2023-08-16</subfield>
    <subfield code="o">VEM MON 2021 B1.602 Or.</subfield>
    <subfield code="p">a073877</subfield>
    <subfield code="r">2023-08-16</subfield>
    <subfield code="w">2023-08-16</subfield>
    <subfield code="y">VEM</subfield>
  </datafield>
  <datafield tag="952" ind1=" " ind2=" ">
    <subfield code="0">0</subfield>
    <subfield code="1">0</subfield>
    <subfield code="2">ddc</subfield>
    <subfield code="4">0</subfield>
    <subfield code="6">VEM_MON_2021_000000000000000_B1_602_OR</subfield>
    <subfield code="7">0</subfield>
    <subfield code="9">94160</subfield>
    <subfield code="a">LBB</subfield>
    <subfield code="b">LBB</subfield>
    <subfield code="c">B1.602</subfield>
    <subfield code="d">2023-08-16</subfield>
    <subfield code="o">VEM MON 2021 B1.602 Or.</subfield>
    <subfield code="p">a073873</subfield>
    <subfield code="r">2023-08-16</subfield>
    <subfield code="w">2023-08-16</subfield>
    <subfield code="y">VEM</subfield>
  </datafield>
  <datafield tag="952" ind1=" " ind2=" ">
    <subfield code="0">0</subfield>
    <subfield code="1">0</subfield>
    <subfield code="2">ddc</subfield>
    <subfield code="4">0</subfield>
    <subfield code="6">VEM_MON_2021_000000000000000_B1_602_OR</subfield>
    <subfield code="7">0</subfield>
    <subfield code="9">94161</subfield>
    <subfield code="a">LBB</subfield>
    <subfield code="b">LBB</subfield>
    <subfield code="c">B1.602</subfield>
    <subfield code="d">2023-08-16</subfield>
    <subfield code="o">VEM MON 2021 B1.602 Or.</subfield>
    <subfield code="p">a073869</subfield>
    <subfield code="r">2023-08-16</subfield>
    <subfield code="w">2023-08-16</subfield>
    <subfield code="y">VEM</subfield>
  </datafield>
  <datafield tag="952" ind1=" " ind2=" ">
    <subfield code="0">0</subfield>
    <subfield code="1">0</subfield>
    <subfield code="2">ddc</subfield>
    <subfield code="4">0</subfield>
    <subfield code="6">VEM_MON_2021_000000000000000_B1_602_OR</subfield>
    <subfield code="7">0</subfield>
    <subfield code="9">94162</subfield>
    <subfield code="a">LBB</subfield>
    <subfield code="b">LBB</subfield>
    <subfield code="c">B1.602</subfield>
    <subfield code="d">2023-08-16</subfield>
    <subfield code="o">VEM MON 2021 B1.602 Or.</subfield>
    <subfield code="p">a073865</subfield>
    <subfield code="r">2023-08-16</subfield>
    <subfield code="w">2023-08-16</subfield>
    <subfield code="y">VEM</subfield>
  </datafield>
</record>
